[Event "11th KIIT Festival 2018"]
[Site "Bhubaneswar"]
[Date "2018.06.01"]
[Round "10"]
[White "Akash Pc, Iyer"]
[Black "Dixit, Nikhil"]
[Result "0-1"]
[WhiteElo "2432"]
[BlackElo "2271"]
[Annotator "TA"]
[PlyCount "124"]
[EventDate "2018.??.??"]
[EventType "swiss"]
[EventCountry "IND"]
[SourceTitle "playchess.com"]
[Source "ChessBase"]
[SourceQuality "1"]

{[%evp 14,124,3,0,8,0,12,20,39,42,34,0,-4,-47,-10,-73,31,5,45,39,42,21,79,17,61,43,52,55,46,35,35,0,58,31,41,47,61,-43,-45,-132,-173,-217,-214,-214,-216,-216,-223,-231,-230,-5822,-924,-910,-362,-350,-364,-409,-408,-436,-372,-437,-393,-392,-392,-375,-341,-321,-308,-321,-300,-278,-205,-202,-188,-185,-177,-231,-222,-228,-222,-188,-29,-165,-153,-173,-166,-154,-155,-326,-325,-309,-262,-262,-258,-579,-494,-855,-859,-648,-559,-740,-692,-1231,-1075,-29970,-29973,-29973,-29973,-29972,-29973,-11272,-10007,-29937,-12849]} 1. d4 g6 2. e4 Bg7 3. Nc3 c6 4. Be3 d5 5. Qd2 dxe4 6. Nxe4 Nd7 7. O-O-O Ngf6 {B15: Caro-Kann: 3 Nc3: 3...g6 and 3...dxe4 4 Nxe4 Nf6 5 Nxf6+ exf6} 8. f3 {LiveBook: 15 Games} (8. Ng3 Nb6 9. Bh6 Bxh6 10. Qxh6 Qd5 11. b3 Bg4 12. f3 Be6 13. Qd2 Qd6 14. c4 Qc7 15. N1e2 {0-1 (41) Christiansen,J (2495)-Aronian,L (2805) Riadh 2017}) 8... O-O 9. Bh6 Nxe4 {The position is equal.} 10. fxe4 Bxh6 11. Qxh6 {And now Nh3 would win.} e5 $146 ({Predecessor:} 11... Nf6 12. Nf3 Nxe4 13. Bd3 Nf6 14. Ng5 Qd5 15. Rhf1 Re8 16. Rde1 Be6 17. Rxe6 fxe6 18. Rxf6 Qxg5+ 19. Qxg5 exf6 20. Qxf6 {1-0 (20) Burchardt,B (2245)-Danielian,E (2025) Manila 1992}) 12. dxe5 Qe7 13. e6 Qxe6 14. Nf3 (14. Kb1 $1 $11 {keeps the balance.}) 14... Nf6 ({Black should play} 14... Qxa2 $17 15. Rxd7 Bxd7) 15. Kb1 $36 {[%mdl 2048] Black is under pressure.} Ng4 16. Qh4 Qf6 {Threatens to win with ...Qxh4.} 17. Qg3 Re8 (17... Qe7 $11) 18. Rd6 (18. e5 $16 Qe7 19. Bc4) 18... Be6 19. e5 ({Wrong is} 19. Qxg4 $2 Rad8 $19) 19... Qe7 $1 20. Bd3 Rad8 $1 21. h3 Nh6 22. Qf4 Kg7 (22... Nf5 $11 23. Bxf5 Bxf5) 23. Rxd8 Qxd8 24. g4 Bd5 25. Re1 ({Better is} 25. Be4 $14) 25... Qa5 $1 $15 26. g5 (26. Nd2 $15) 26... Nf5 $17 ({Much worse is} 26... Bxa2+ $6 27. Kc1 $11) 27. Bxf5 gxf5 (27... Qxa2+ 28. Kc1 $17) 28. e6 Bxa2+ 29. Kc1 Bxe6 ({But not} 29... Rxe6 30. Qd4+ Kg8 31. Rxe6 $17) 30. Qd4+ Kg8 {...Rd8 is the strong threat.} 31. Ne5 $2 (31. Qe5 c5 32. h4) 31... Rd8 (31... Qxe1+ $142 32. Qd1 Qxe5) 32. b4 $19 Rxd4 $2 (32... Qa3+ 33. Qb2 Qg3) 33. bxa5 {[%mdl 4096] Endgame KRB-KRN} Ra4 34. Kb2 Rxa5 35. h4 f4 36. h5 Kf8 37. c4 {[#]} f3 $1 38. Nxf3 Bg4 39. Ne5 Bxh5 40. Kc3 Ra3+ 41. Kd4 Rg3 42. Rb1 {[#]} c5+ $1 43. Kxc5 Rxg5 44. Kd6 (44. Kd4 $142) 44... b6 45. Ra1 Bg6 46. Rxa7 h6 $2 (46... h5 $19 {Hoping for ...h4.} 47. Nd7+ Kg7 48. Nxb6 h4) 47. Ra3 (47. Rb7 $11 {and White has nothing to worry.}) 47... Bf5 48. Rb3 {[#]} h5 $1 49. Rxb6 h4 50. Rb4 $2 (50. Rb7 $17) 50... h3 51. Rb2 Be4 {White must now prevent ...Rg2.} 52. Rh2 Bg2 53. c5 $2 (53. Nd3 {is tougher.}) 53... f6 54. Nd7+ (54. Nf3 $142 Bxf3 55. Rxh3 Rd5+ 56. Kc6 Rd3+ 57. Kb6) 54... Kf7 55. c6 Rd5+ 56. Kc7 Rd1 57. Nc5 Rh1 58. Rxh1 Bxh1 59. Nd3 h2 60. Nf2 Bd5 61. Kb6 Kg6 62. Kc5 h1=Q {Precision: White = 30%, Black = 64%.} 0-1

[Event "11th KIIT Festival 2018"]
[Site "Bhubaneswar"]
[Date "2018.06.01"]
[Round "10"]
[White "Nitin, S.."]
[Black "Ashutosh, Kumar"]
[Result "1-0"]
[WhiteElo "2432"]
[BlackElo "1958"]
[Annotator "TA"]
[PlyCount "119"]
[EventDate "2018.??.??"]
[EventType "swiss"]
[EventCountry "IND"]
[SourceTitle "playchess.com"]
[Source "ChessBase"]
[SourceQuality "1"]

{[%evp 17,119,10,16,8,46,21,33,26,27,0,0,0,16,8,24,24,20,25,24,0,0,0,0,0,0,0,0,-80,0,-13,4,4,0,6,5,0,1,0,67,5,31,0,0,0,0,-13,-17,-18,-18,-18,-17,-12,-9,-28,-28,-28,-29,-47,-47,-34,-43,-61,0,0,0,0,0,0,0,0,0,0,0,0,0,0,34,0,0,0,83,83,96,35,23,38,330,330,290,189,340,270,317,295,429,332,2142,2046,2244,977,8191,6629,5106,5106]} 1. e4 e5 2. Nf3 Nf6 3. Nc3 Nc6 4. Bb5 Bb4 5. O-O O-O 6. d3 {[%cal Bd2d3,Bd3d4][%mdl 32]} Bxc3 7. bxc3 d6 8. Bg5 Qe7 9. Re1 a6 {LiveBook: 11 Games. C49: Four Knights: 4 Bb5 Bb4} (9... Nd8 10. d4 Ne6 11. Bc1 c5 12. d5 Nc7 13. Bf1 Nfe8 14. c4 f5 15. Rb1 f4 16. Nd2 g5 17. Be2 Nf6 18. h3 Qf7 19. Bg4 Nxg4 20. hxg4 {1-0 (50) Naiditsch,A (2687)-Halkias,S (2585) Tallinn 2016}) 10. Bc4 Nd8 11. d4 Ne6 $146 {The position is equal.} ({Predecessor:} 11... b5 12. Bb3 Bb7 13. Nh4 Ne6 14. Nf5 Qd8 15. Qc1 Nxg5 16. Qxg5 g6 17. dxe5 dxe5 18. Rad1 Nxe4 {1-0 (32) Traeger,M-Banoczi,G Hungary 1998}) 12. Bh4 Nf4 13. Nd2 Ng6 14. Bg3 Be6 15. Bf1 Rfd8 16. a4 a5 17. Bd3 Qe8 18. Bb5 Bd7 19. Rb1 Bxb5 20. Rxb5 Qc6 21. Re3 b6 22. Qb1 (22. f3 $11) 22... Nh5 ({Black should try} 22... d5 $1 $17 {[%cal Rd5e4]} 23. Qb2 dxe4) 23. Qb3 Nhf4 24. Bxf4 Nxf4 25. g3 Ng6 26. h4 h5 27. Rf3 Nh8 (27... Qd7 $11) 28. Rd3 (28. Rf5 $14) 28... Re8 29. Rd5 Ng6 30. Nf3 Re7 31. Ng5 Qe8 32. Rf3 Rd8 {aiming for ...c6.} 33. Rb5 Rdd7 34. Qc4 Nf8 35. Re3 (35. Kg2 {is interesting.} Kh8 36. Re3 g6 37. Qd3 Rd8 38. Re1) 35... Nh7 36. Nxh7 Kxh7 37. Qe2 g6 38. f4 f6 39. Rb1 d5 (39... Re6 $15) 40. fxe5 $11 fxe5 41. Re1 exd4 42. cxd4 dxe4 43. Rxe4 Rxe4 44. Qxe4 Qxe4 45. Rxe4 {[%mdl 4096] Endgame KR-KR} Rf7 46. Kg2 Kh6 47. Re6 Rd7 $1 {[%cal Rd7d4]} 48. c3 Rf7 {[#]} (48... c5 $1 $11) 49. Rc6 $1 $16 Kg7 {[#]} 50. c4 (50. g4 $1 $16) 50... Rd7 51. d5 Kh6 $2 {[%mdl 8192]} (51... Rf7 $1 $14) 52. Kf3 $18 Re7 53. Kf4 Rf7+ $2 (53... Kg7 {was worth a try.} 54. c5 Rf7+ 55. Ke5 bxc5 56. Rxc5 Re7+ 57. Kd4 Kf6 58. Rxa5 Re1 59. Ra6+ Ke7) 54. Ke4 Re7+ 55. Kd4 Rf7 (55... Kg7 $142 56. c5 bxc5+ 57. Rxc5 Re1 58. Rxc7+ Kf6) 56. c5 Rf3 $2 (56... bxc5+ 57. Rxc5 g5 58. Rc6+ (58. Rxa5 gxh4 59. Ra6+ Kg7 $16) 58... Kh7 59. hxg5 Rg7 60. Rh6+ Kg8 61. Rxh5 Kf7) 57. Rxc7 {White is clearly winning.} bxc5+ 58. Kxc5 (58. Kc4 $142 Rf6 59. Kxc5) 58... Rxg3 59. d6 {[%cal Bd5d6,Bd6d7][%mdl 32]} Rd3 60. d7 {Precision: White = 47%, Black = 47%.} 1-0

[Event "11th KIIT Festival 2018"]
[Site "Bhubaneswar"]
[Date "2018.06.01"]
[Round "10"]
[White "Rathnakaran, K."]
[Black "Mozharov, Mikhail"]
[Result "0-1"]
[WhiteElo "2377"]
[BlackElo "2558"]
[Annotator "TA"]
[PlyCount "70"]
[EventDate "2018.??.??"]
[EventType "swiss"]
[EventCountry "IND"]
[SourceTitle "playchess.com"]
[Source "ChessBase"]
[SourceQuality "1"]

{[%evp 13,70,-7,35,0,0,0,8,-16,0,0,0,-4,8,0,-1,-14,-3,-35,-38,-43,-41,-58,-48,-55,-45,-28,-23,-33,-37,-40,-31,-223,-240,-232,-220,-236,-222,-238,-239,-289,-276,-280,-267,-432,-437,-398,-333,-387,-384,-400,-395,-485,-484,-484,-484,-474,-462,-647,-595]} 1. e4 c5 2. Nf3 Nc6 3. Bb5 e6 4. O-O Nge7 5. Re1 a6 6. Bf1 d5 7. d3 g6 {LiveBook: 20 Partien. B30: Sizilianisch (Rossolimo-Variante)} (7... d4 8. e5 Nd5 9. c4 dxc3 10. bxc3 Be7 11. c4 Nb6 12. Nc3 O-O 13. Ne4 Nd7 14. Bf4 b6 15. g3 {1-0 (52) Grischuk,A (2772)-Bocharov,D (2583) Riadh 2017}) 8. Bg5 Bg7 9. exd5 exd5 {Die Stellung ist ausgeglichen.} 10. Nc3 h6 11. Bxe7 Nxe7 12. d4 $146 ({Vorgänger:} 12. Qe2 Be6 13. Rad1 Nf5 14. Na4 Rc8 15. c4 {0-1 (57) Lopes,M (2002)-Matsuura,E (2505) Florianopolis 2015}) 12... cxd4 13. Nxd4 O-O 14. Qd2 Nc6 15. Nde2 d4 16. Ne4 Qb6 $36 {[%mdl 2048] Weiss steht unter Druck.} 17. c4 dxc3 18. bxc3 Bf5 19. N2g3 Bxe4 20. Nxe4 Rad8 21. Qf4 Ne5 22. c4 $2 {[#]} (22. Rad1 $15) 22... Nd3 $1 $19 {[%cal Rd3f4]} 23. Bxd3 {Und weiter mit c5 wäre nett.} Bxa1 ({Schlechter ist} 23... Rxd3 24. c5 $11) 24. c5 Qc6 25. Bc4 Bg7 {Und ...Td4 würde nun gewinnen.} 26. Nd6 {[%cal Rc4f7]} Qxc5 27. Nxb7 Qd4 28. g3 $2 {[#]} (28. Qxd4 Rxd4 29. Bf1) 28... Qxf4 29. gxf4 Rd4 30. Bxa6 Ra8 31. Nc5 Bf8 32. Bb7 Ra7 {Schwarz steht klar auf Gewinn.} ({Weniger gut wäre} 32... Bxc5 33. Bxa8 Rd2 34. Re5 $17) 33. Nb3 Rxf4 34. Bd5 Rxa2 35. f3 (35. Nc1 $142 Rd2 36. Ne2) 35... Rb2 {Precision: Weiß = 29%, Schwarz = 81%.} 0-1

[Event "11th KIIT Festival 2018"]
[Site "Bhubaneswar"]
[Date "2018.06.01"]
[Round "10"]
[White "Sammed Jaykumar, Shete"]
[Black "Neelotpal, Das"]
[Result "0-1"]
[WhiteElo "2375"]
[BlackElo "2452"]
[Annotator "TA"]
[PlyCount "70"]
[EventDate "2018.??.??"]
[EventType "swiss"]
[EventCountry "IND"]
[SourceTitle "playchess.com"]
[Source "ChessBase"]
[SourceQuality "1"]

{[%evp 24,70,20,0,9,0,21,12,24,20,21,15,31,11,4,0,16,0,0,-32,-37,-39,-45,-54,-66,-64,-57,-85,-27,-68,-21,-243,-301,-393,-391,-801,-787,-1114,-1084,-2378,-2452,-29984,-29985,-29985,-29986,-29988,-29989,-29989,-29990]} 1. e4 e5 2. Nf3 Nc6 3. Bb5 a6 4. Ba4 Nf6 5. O-O Be7 6. d3 b5 7. Bb3 d6 8. c3 O-O 9. Re1 Na5 10. Bc2 c5 11. Nbd2 Nc6 12. Nf1 h6 13. a4 {LiveBook: 7 Games. Black should prevent axb5. C90: Closed Ruy Lopez with 7...d6: Early deviations} (13. Ne3 Be6 14. d4 cxd4 15. cxd4 Nxd4 16. Nxd4 exd4 17. Qxd4 Rc8 18. Bb3 Nd7 19. Nd5 Bxd5 20. Qxd5 Nc5 {½-½ (54) Carlsen,M (2850)-Svidler,P (2727) Berlin 2015}) 13... b4 14. Ne3 $146 ({Predecessor:} 14. Ng3 bxc3 15. bxc3 Be6 16. h3 Rb8 17. d4 cxd4 18. cxd4 Nxd4 19. Nxd4 exd4 20. Qxd4 Qc7 {½-½ (34) Rudolf,M (2326)-Krysztofiak,M (2392) Jastrzebia Gora 2015}) 14... bxc3 15. bxc3 {The position is equal.} Re8 16. Bb3 Rb8 17. Ba3 Na5 18. Bc2 Bf8 19. Rb1 Bb7 20. Nf5 Qc7 21. Bc1 d5 22. exd5 Nxd5 23. Bd2 Rbd8 24. N3h4 Nf6 25. Re3 Kh7 ({Better is} 25... e4 $17 26. Ng3 Bd6) 26. Rg3 e4 27. dxe4 $2 (27. c4 $11 {and White is okay.} exd3 28. Rxd3) 27... Nc4 $19 28. Nxg7 Rxd2 29. Qf3 $2 (29. Nxe8 Rxd1+ 30. Rxd1 Nxe8 31. e5+ Kh8 {[#]} 32. e6 $1 {[%mdl 512]}) 29... Bxg7 ({But not} 29... Rxc2 $2 30. Qxf6 Rb2 31. Rxb2 $18) 30. Rxb7 {[#]} Rxc2 $1 {[%mdl 512]} 31. h3 Qxb7 32. Rxg7+ Kxg7 {Black mates.} 33. Nf5+ Kh7 34. Qf4 Qb1+ 35. Kh2 Qb8 {Precision: White = 19%, Black = 78%.} 0-1

[Event "11th KIIT Festival 2018"]
[Site "Bhubaneswar"]
[Date "2018.06.01"]
[Round "10"]
[White "Ziatdinov, Raset"]
[Black "Tran, Minh Thang"]
[Result "1-0"]
[WhiteElo "2281"]
[BlackElo "2404"]
[Annotator "ChessBase"]
[PlyCount "52"]
[EventDate "2018.??.??"]
[EventType "swiss"]
[EventCountry "IND"]
[SourceTitle "playchess.com"]
[Source "ChessBase"]
[SourceQuality "1"]
[TimeControl "5400+30"]

1. e4 {[%emt 0:00:00]} c5 {[%emt 0:01:05]} 2. Nf3 {[%emt 0:00:03]} e6 {[%emt 0:00:05]} 3. d4 {[%emt 0:00:01]} cxd4 {[%emt 0:00:06]} 4. Nxd4 {[%emt 0:00:05]} a6 5. Bd3 {[%emt 0:00:03]} Qc7 {[%emt 0:00:38]} 6. O-O {[%emt 0:00:29]} Nf6 {[%emt 0:00:04]} 7. c4 {[%emt 0:00:19]} Nc6 {[%emt 0:01:10]} 8. Nxc6 {[%emt 0:00:07]} dxc6 {[%emt 0:00:07]} 9. f4 {[%emt 0:01:13]} e5 {[%emt 0:00:03]} 10. f5 {[%emt 0:00:19]} Bc5+ {[%emt 0:00:20]} 11. Kh1 {[%emt 0:00:00]} b5 12. Nd2 {[%emt 0:01:42]} Bd6 {[%emt 0:16:38]} 13. Nb3 {[%emt 0:00:23]} c5 {[%emt 0:07:55]} 14. cxb5 {[%emt 0:12:12]} c4 {[%emt 0:06:02]} 15. b6 {[%emt 0:01:36]} Qxb6 {[%emt 0:00:08]} 16. Bxc4 {[%emt 0:00:08]} Bb7 {[%emt 0:00:06]} 17. Qe2 {[%emt 0:17:25]} Bxe4 {[%emt 0:04:17]} 18. Bg5 {[%emt 0:03:03]} Bb7 {[%emt 0:05:09]} 19. Rad1 {[%emt 0:00:36]} Ne4 {[%emt 0:11:53]} 20. Bh4 {[%emt 0:08:01]} Nf6 {[%emt 0:20:44]} 21. Na5 {[%emt 0:08:19]} Qxa5 {[%emt 0:09:40]} 22. Rxd6 {[%emt 0:00:08]} Ke7 {[%emt 0:00:10]} 23. b4 {[%emt 0:00:45]} Qxb4 {[%emt 0:00:42]} 24. Qxe5+ {[%emt 0:01:09]} Kf8 {[%emt 0:00:00]} 25. Rfd1 {[%emt 0:01:53]} Re8 {[%emt 0:02:38]} 26. Bxf6 {[%emt 0:01:09]} gxf6 {[%emt 0:00:37]} 1-0

[Event "11th KIIT Festival 2018"]
[Site "Bhubaneswar"]
[Date "2018.06.01"]
[Round "10"]
[White "Nayak Rajesh"]
[Black "Sidhant, Mohapatra"]
[Result "0-1"]
[WhiteElo "2217"]
[BlackElo "2378"]
[Annotator "TA"]
[PlyCount "148"]
[EventDate "2018.??.??"]
[EventType "swiss"]
[EventCountry "IND"]
[SourceTitle "playchess.com"]
[Source "ChessBase"]
[SourceQuality "1"]

{[%evp 16,148,16,-8,-8,-8,0,-11,-10,-6,-8,-6,-9,-1,-6,-23,-23,-35,-42,-42,-28,-36,-39,-43,8,4,10,10,10,0,0,0,0,0,0,0,0,0,0,0,0,0,0,-34,-37,-41,-41,-41,-41,-58,-48,-76,-41,-58,-37,-41,-37,-64,-41,-41,-41,-52,-39,-44,-39,-41,-41,-58,-58,-58,-58,-69,-29,-58,-58,-72,-72,-72,-80,-80,0,0,0,0,0,0,0,0,0,0,0,0,0,0,0,0,0,0,0,-80,-93,-104,-105,-121,-109,-109,-115,-131,-134,-135,-147,-907,-886,-908,-767,-624,-533,-1190,-1190,-1168,-1135,-1039,-788,-812,-750,-645,0,-624,-598,-672,-622,-6053,-5804,-5723,-5544]} 1. e4 e5 2. Nf3 Nc6 3. Nc3 Nf6 4. Bb5 Bd6 5. d3 a6 (5... h6 6. O-O O-O 7. a3 a6 8. Bc4 Bc5 9. Be3 d6 10. Nd5 Nxd5 11. Bxd5 Ne7 12. Bb3 Ng6 13. d4 exd4 14. Nxd4 Re8 15. f3 Be6 16. Bxe6 Rxe6 {0-1 (45) Gao,R (2568)-Harikrishna,P (2727) China 2018}) 6. Ba4 {C48: Vierspringerspiel (Rubinstein-Variante)} O-O 7. Bg5 b5 8. Bb3 Be7 9. a4 {LiveBook: 3 Partien} b4 10. Ne2 $146 ({Vorgänger:} 10. Bxf6 Bxf6 11. Nd5 Rb8 12. O-O Na5 13. Bc4 c6 14. Ne3 d6 15. Rb1 Nxc4 16. dxc4 {½-½ (67) Karthik,G (1805)-Laxman,R (2413) Mumbai 2018}) 10... d6 11. Ng3 Na5 12. Ba2 c5 13. Bxf6 Bxf6 14. Bd5 Rb8 15. b3 Be6 16. Bc4 Ra8 17. Nd2 Nc6 18. Ndf1 Bg5 19. Ne3 Bxe3 (19... g6 $15) 20. fxe3 $11 Qg5 21. Qf3 Ne7 22. O-O Bxc4 23. dxc4 g6 24. Rad1 Rad8 25. Qf6 Qxf6 $1 26. Rxf6 Nc8 27. Ne2 Kg7 $36 {[%mdl 2048] Schwarz steht aktiver.} 28. Rdf1 Ne7 29. Ng3 h5 30. h4 Ng8 31. R6f3 Nh6 32. R1f2 Ng4 33. Rd2 Rfe8 34. Rd1 Re6 35. Rdf1 Rf8 36. Kh1 Re7 37. Kg1 Ree8 38. Re1 Re6 39. Ref1 Re7 40. Re1 f6 41. Ref1 Kf7 42. Nh1 Ke6 43. Nf2 Nxf2 44. R3xf2 $15 {[%mdl 4096] Endspiel KTT-KTT} Rg7 45. g4 hxg4 46. Rg2 g5 47. Rxg4 Rfg8 (47... Rh8 $17 48. hxg5 Rxg5 49. Rxg5 fxg5) 48. hxg5 $1 $11 Rxg5 49. Rxg5 Rxg5+ {KT-KT} 50. Kf2 Rg4 51. Rh1 Rxe4 52. Kf3 f5 $1 53. Rh6+ Ke7 54. Rh7+ Kf6 55. Rh6+ Kg5 56. Rxd6 Rh4 57. Kg3 (57. Rd5 $11) 57... f4+ $17 58. exf4+ exf4+ {[%cal Be5f4,Bf4f3][%mdl 32]} 59. Kg2 Rh6 60. Rd5+ Kg4 61. Rxc5 f3+ 62. Kg1 Re6 $1 63. Rc8 $2 {[%mdl 8192]} (63. Kf1 $17) 63... Re1+ $19 64. Kf2 Re2+ 65. Kf1 Rxc2 66. c5 Kg3 {[%cal Rc2c1]} 67. Rg8+ Kf4 68. Rg6 Rxc5 69. Rxa6 Ke3 {[%cal Rc5c1]} 70. Re6+ {[#]} Kf4 $2 ({Günstiger ist} 70... Kd4 $1 $19 {Und weiter mit ...Tc3 wäre nett.} 71. Kf2 Rc3 72. Rd6+ Kc5) 71. Rf6+ $2 {[%mdl 8192]} (71. Ra6 $11) 71... Ke4 {Schwarz steht klar auf Gewinn.} 72. Re6+ {[#]} Kd4 $1 73. Rd6+ Kc3 74. Rf6 Kxb3 {Precision: Weiß = 41%, Schwarz = 68%.} 0-1